000 00477nam a2200169Ia 4500
999 _c20834
_d20834
003 OSt
005 20200708094357.0
008 190216s9999||||xx |||||||||||||| ||und||
020 _a9780521556330
040 _coclc
082 _a956.704
_bTRI/H
100 _aTripp, Charles
_93637
245 0 _aA History Of Iraq /
_cCharles Tripp
260 _bCambridge Uty Press,
_c2000.
_aUK:
300 _a311p
942 _cBK
_2ddc
_h956.704
_iTRI/H
_k956.704
_mTRI/H